Papers , Please countries and cities - Statistics

General Stats
  • This quiz has been taken 102 times
  • The average score is 14 of 28
Answer Stats
Hint Answer % Correct
Country Arstotzka
91%
Country Kolechia
86%
Country Obristan
82%
Country United Federation
79%
Country Impor
77%
Country Antegria
72%
Country Republia
68%
City East Grestin
65%
City West Grestin
61%
City Skal
49%
City Glorian
47%
City Paradizna
47%
City True Glorian
47%
City Haihan
46%
City Tsunkeido
42%
City Enkyo
40%
City Lorndaz
40%
City Great Rapid
37%
City Mergerous
37%
City St. Marmero
37%
City Orvech Vonor
35%
City Yurko City
35%
City Bostan
33%
City Shingleton
33%
City Vedor
33%
City Outer Grouse
32%
City Korista City
25%
City Lesrenadi
21%
No matching quizzes found
Score Distribution
Percent of People with Each Score
Percentile by Number Answered
Your Score History
You have not taken this quiz